Theory and applications of graphs

Guardat en:
Dades bibliogràfiques
Autors principals: Alavi, Y (Autor), Lick, D. R (Autor)
Format: Llibre
Idioma:anglès
Publicat: Berlín Springer-Verlag 1978
Col·lecció:Lecture Notes in Mathematics, 642
Matèries:
Etiquetes: Afegir etiqueta
Sense etiquetes, Sigues el primer a etiquetar aquest registre!

MARC

LEADER 00000nam a2200000 a 4500
001 UCQ9627
003 CL-VaPUC
005 20240318110933.0
008 990112e19780000gw 1 eng d
082 0 4 |a 511.5  |b ALA  |2 21 
100 1 |a Alavi, Y  |e author  |9 619290 
700 1 |a Lick, D. R  |e author  |9 619291 
245 1 0 |a Theory and applications of graphs 
260 |a Berlín  |b Springer-Verlag  |c 1978 
300 |a 635 p 
490 0 |a Lecture Notes in Mathematics, 642 
583 |a last modification  |c 19990112 00:00:00  |k Rodrigo Vera 
650 0 0 |a Teoría de grafos  |9 269886 
650 0 0 |a Congresos  |9 257560 
942 |c BK 
945 |a crobeson  |d 19990112 00:00:00 
546 |a En Inglés 
518 |p International Conference on the Theory and Applications of Graphs, Kalamazoo, 11 al 15 de mayo de 1976 
999 |c 383338  |d 383336 
952 |0 0  |1 0  |4 0  |6 511_500000000000000_ALA_1978  |7 0  |8 A  |9 505431  |a BIBMAT  |b BIBMAT  |d 2020-01-23  |i 1319000  |o 511.5 ALA 1978  |p 1319000  |r 2025-01-07  |w 2020-01-23  |y BK  |k MAT